[Event "FRA-ch Blitz Online Qual"]
[Site "Europe Echecs INT"]
[Date "2020.05.16"]
[Round "15"]
[White "Frazao, Thomas"]
[Black "Blachon, Pascal"]
[Result "0-1"]
[WhiteElo "1719"]
[BlackElo "1955"]
[PlyCount "124"]
[EventDate "2020.05.16"]
[EventType "swiss (blitz)"]
[EventRounds "15"]
[EventCountry "FRA"]
[SourceTitle "CBM 196 Extra"]
[Source "ChessBase"]
[SourceDate "2020.07.31"]
[SourceVersion "1"]
[SourceVersionDate "2020.07.31"]
[SourceQuality "1"]

1. e4 d5 2. exd5 c6 3. dxc6 Nxc6 4. d4 Qxd4 5. Qxd4 Nxd4 6. Bd3 e5 7. Ne2 Nc6 8. 0-0 Be7 9. Nbc3 Be6 10. Be3 a6 11. f4 Nf6 12. f5 Bd7 13. Ng3 0-0 14. Nge4 Rfd8 15. Nxf6+ Bxf6 16. Rad1 Nd4 17. Bxd4 exd4 18. Nd5 Bg5 19. f6 Bg4 20. Nb6 Rab8 21. Rb1 Bxf6 22. Nc4 b5 23. Nd2 Bg5 24. Nf3 Be3+ 25. Kh1 Re8 26. Rfe1 f6 27. a3 Bf2 28. Rxe8+ Rxe8 29. h3 Bc8 30. Kh2 Bb7 31. Rf1 Be3 32. Ne1 Re7 33. Nf3 g6 34. Kh1 Kg7 35. c3 dxc3 36. bxc3 Bc5 37. Ra1 f5 38. c4 Bxf3 39. gxf3 Re3 40. Bf1 bxc4 41. Bxc4 Rxf3 42. Bxa6 Rxh3+ 43. Kg2 Rxa3 44. Rxa3 Bxa3 45. Be2 Bd6 46. Kf3 Kf6 47. Kg2 g5 48. Kh1 g4 49. Bf1 h5 50. Bg2 f4 51. Kg1 Bc5+ 52. Kh2 Kg5 53. Kh1 f3 54. Bf1 Kf4 55. Kh2 Bd6 56. Kh1 Kg3 57. Kg1 Bc5+ 58. Kh1 Kf2 59. Bc4 g3 60. Bf1 g2+ 61. Kh2 g1Q+ 62. Kh3 Qg3# 0-1